Church, state, and public justice : (Record no. 21483)

MARC details
000 -LEADER
fixed length control field 02210cam a2200385 a 4500
001 - CONTROL NUMBER
control field 14775262
003 - CONTROL NUMBER IDENTIFIER
control field OSt
005 - DATE AND TIME OF LATEST TRANSACTION
control field 20260316154941.0
008 - FIXED-LENGTH DATA ELEMENTS--GENERAL INFORMATION
fixed length control field 070320s2007 ilu b 001 0 eng
010 ## - LIBRARY OF CONGRESS CONTROL NUMBER
LC control number 2007011613
020 ## - INTERNATIONAL STANDARD BOOK NUMBER
International Standard Book Number 9780830827961
Qualifying information pbk. : alk. paper
020 ## - INTERNATIONAL STANDARD BOOK NUMBER
International Standard Book Number 083082796X
Qualifying information pbk. : alk. paper
035 ## - SYSTEM CONTROL NUMBER
System control number 14775262
035 ## - SYSTEM CONTROL NUMBER
System control number (OCoLC)105438852
040 ## - CATALOGING SOURCE
Original cataloging agency DLC
Transcribing agency DLC
Modifying agency BAKER
-- C#P
-- BTCTA
-- YDXCP
-- DLC
043 ## - GEOGRAPHIC AREA CODE
Geographic area code n-us---
050 00 - LIBRARY OF CONGRESS CALL NUMBER
Classification number BR516
Item number .C497 2007
082 00 - DEWEY DECIMAL CLASSIFICATION NUMBER
Classification number 261.70973
Edition number 22
245 00 - TITLE STATEMENT
Title Church, state, and public justice :
Remainder of title five views /
Statement of responsibility, etc. edited by P.C. Kemeny.
260 ## - PUBLICATION, DISTRIBUTION, ETC. (IMPRINT)
Place of publication, distribution, etc. Downers Grove, Ill. :
Name of publisher, distributor, etc. IVP Academic,
Date of publication, distribution, etc. c2007.
300 ## - PHYSICAL DESCRIPTION
Extent 254 p. ;
Dimensions 23 cm.
336 ## - CONTENT TYPE
Content type term text
Content type code txt
Source rdacontent
337 ## - MEDIA TYPE
Media type term unmediated
Media type code n
Source rdamedia
338 ## - CARRIER TYPE
Carrier type term volume
Carrier type code nc
Source rdacarrier
504 ## - BIBLIOGRAPHY, ETC. NOTE
Bibliography, etc Includes bibliographical references and index.
505 0# - FORMATTED CONTENTS NOTE
Formatted contents note Life on the border : a Catholic perspective / Clarke E. Cochran -- Classical separation response -- Principled pluralist response -- Anabaptist response -- Social justice response -- The classical separation perspective / Derek H. Davis -- Catholic response -- Principled pluralist response -- Anabaptist response -- Social justice response -- The principled pluralist perspective / Corwin Smidt -- Catholic response -- Classical separation response -- Anabaptist response -- Social justice response -- The anabaptist perspective / Ronald J. Sider -- Catholic response -- Classical separation response -- Principled pluralist response -- Social justice response -- The social justice perspective / J. Philip Wogaman -- Catholic response -- Classical separation response -- Principled pluralist response -- Anabaptist response.
650 #0 - SUBJECT ADDED ENTRY--TOPICAL TERM
Topical term or geographic name as entry element Church and state
Geographic subdivision United States.
650 #0 - SUBJECT ADDED ENTRY--TOPICAL TERM
Topical term or geographic name as entry element Christianity and justice
Geographic subdivision United States.
700 1# - ADDED ENTRY--PERSONAL NAME
Personal name Kemeny, Paul Charles.
856 41 - ELECTRONIC LOCATION AND ACCESS
Materials specified Table of contents only
Uniform Resource Identifier <a href="http://www.loc.gov/catdir/toc/ecip0714/2007011613.html">http://www.loc.gov/catdir/toc/ecip0714/2007011613.html</a>
906 ## - LOCAL DATA ELEMENT F, LDF (RLIN)
a 7
b cbc
c orignew
d 1
e ecip
f 20
g y-gencatlg
942 ## - ADDED ENTRY ELEMENTS (KOHA)
Source of classification or shelving scheme Library of Congress Classification
Koha item type General Collection
Holdings
Withdrawn status Lost status Source of classification or shelving scheme Not for loan Home library Current library Shelving location Date acquired Source of acquisition Inventory number Total Checkouts Full call number Barcode Date last seen Copy number Price effective from Koha item type
    Library of Congress Classification   Kabarak, Main Campus Kabarak, Main Campus General Stacks 16/03/2026 Donation 2025/3418   BR516 .C497 2007 C.1 38413 16/03/2026 C.1 16/03/2026 General Collection
Designed with assistance from East African Informatics Ltd